00409nam a2200157Ia 4500008004100000040001900041041001200060082001900072100001600091245002800107260003300135300003100168650001600199651001800215850001800233131103s9999 xx 000 0 und d aLoreto College aEnglish a920/MULbLCLIB aMullen, Pat aMan of arancPat Mullen aLondonbFaber & Faberc[19?] a286p.b ill., mapsc 21cm. aMullen, Pat aAutobiography aLCLIB/920/MUL